00615 a2200181 4500001000700000003000400007005001700011008004100028082001900069100002300088245004700111260004400158300001000202653007800212942001200290999001500302952011600317068631OSt20220311105723.0  a338.9001bD26M1 aDasgupta, Dipankar1 aModern growth theorycby Dipankar Dasgupta aNew DelhibOxford University Pessc2010 a253p. aEconomic development--Econometric models; Economic development; Economics 2ddccBK c2286d2286 00102ddc40708TXBaCURAJbCURAJd2012-03-07eECOg695.00l0o338.9001 D26Mp2918r2024-11-21w2020-09-02yBK